[Event "NZL-ch U18 op"]
[Site "Wellington"]
[Date "2023.01.09"]
[Round "7"]
[White "Liu, Richard Jingjie"]
[Black "Hookings, Jonathon"]
[Result "1/2-1/2"]
[WhiteElo "1392"]
[BlackElo "1584"]
[PlyCount "89"]
[EventDate "2023.01.02"]
[EventType "swiss"]
[EventRounds "7"]
[EventCountry "NZL"]
[SourceTitle "CBM 212 Extra"]
[Source "ChessBase"]
[SourceDate "2023.03.31"]
[SourceVersion "1"]
[SourceVersionDate "2023.03.31"]
[SourceQuality "1"]

1. e4 c6 2. d4 d5 3. e5 Bf5 4. c4 dxc4 5. Bxc4 e6 6. Nf3 Nd7 7. Nc3 Nb6 8. Bb3 Bg4 9. Be3 Ne7 10. h3 Bxf3 11. Qxf3 Ned5 12. 0-0 Be7 13. Nxd5 Nxd5 14. Bxd5 Qxd5 15. Qxd5 cxd5 16. Rac1 Kd7 17. Rc3 Rhc8 18. Rfc1 Rc6 19. a3 Rac8 20. Bd2 Bd8 21. Kf1 Bb6 22. Be3 Rxc3 23. Rxc3 Rc4 24. Ke2 Ba5 25. Rc1 a6 26. Kd3 Rc6 27. b4 Bd8 28. Rxc6 bxc6 29. Kc3 Kc7 30. Kb3 Kb6 31. Ka4 Be7 32. f4 Bh4 33. g4 g6 34. Kb3 a5 35. bxa5+ Kxa5 36. a4 Be1 37. Ka3 Kb6 38. Kb3 Ka6 39. Ka2 Bb4 40. Kb3 Ka5 41. Bc1 h5 42. gxh5 gxh5 43. Be3 Be7 44. Bd2+ Ka6 45. Be3 1/2-1/2

[Event "NZL-ch Major op"]
[Site "Christchurch"]
[Date "2022.01.07"]
[Round "6"]
[White "Wang, Justin Zhide"]
[Black "Hookings, Jonathon"]
[Result "1-0"]
[WhiteElo "1459"]
[BlackElo "1285"]
[PlyCount "83"]
[EventDate "2022.01.02"]
[EventType "swiss"]
[EventRounds "9"]
[EventCountry "NZL"]
[SourceTitle "EXT 2024"]
[Source "ChessBase"]
[SourceDate "2023.10.10"]
[SourceVersion "1"]
[SourceVersionDate "2023.10.10"]
[SourceQuality "1"]

1. d4 g6 2. c4 Bg7 3. Nc3 d6 4. e4 Nd7 5. Nf3 c5 6. Be3 b6 7. Be2 Ngf6 8. h3 0-0 9. 0-0 Bb7 10. d5 Qc7 11. Nb5 Qb8 12. Nc3 Re8 13. Nd2 e6 14. Qc2 a6 15. a3 exd5 16. exd5 Bc8 17. b4 Nf8 18. Bd3 Qb7 19. Nde4 Nxe4 20. Nxe4 Be5 21. Rae1 Bf5 22. bxc5 dxc5 23. Rb1 Qc7 24. Rfd1 Nd7 25. a4 Bg7 26. Ng3 Bxd3 27. Qxd3 Ne5 28. Qc2 Rab8 29. Kh1 Qd7 30. Bd2 f5 31. Re1 Nf7 32. Rxe8+ Rxe8 33. Rxb6 Ra8 34. Re6 Qc8 35. f4 Rb8 36. Bc3 Nd8 37. Re8+ Kf7 38. Re1 Bxc3 39. Qxc3 Rb4 40. Qh8 Qb8 41. Qxh7+ Kf6 42. Qe7# 1-0